[Event "AUTO-MASTER-1893"]
[Site "http://www.queenalice.com/game.php?id=1222646"]
[Date "2013.10.6"]
[Round "2"]
[White "Bobtzu"]
[Black "RenanReis"]
[Result "1-0"]
[WhiteElo "2146"]
[BlackElo "2127"]

1. e4 c5 2. Nc3 e6 3. f4 d5 4. d3 Nf6 5. Nf3 dxe4 6. Nxe4 Nxe4 7. dxe4 Qxd1+ 8.
Kxd1 Nc6 9. c3 Bd7 10. Be3 O-O-O 11. Kc2 Be7 12. Rd1 Kb8 13. Be2 Bc8 14. Rxd8
Rxd8 15. Rd1 b6 16. Rxd8 Bxd8 17. Nd2 Bc7 18. g3 Ne7 19. Nf3 Bb7 20. Ng5 h6 21.
Nxf7 Bxe4+ 22. Bd3 Nf5 23. Bf2 Bd5 24. b3 Kc8 25. Nh8 Kd7 26. Ng6 Ke8 27. h4 Kf7
28. Nh8+ Kf6 29. c4 Bf3 30. Be1 e5 31. Bxf5 Kxf5 32. fxe5 Bxe5 33. Kd3 Be4+ 34.
Ke3 Bd4+ 35. Ke2 Ke6 36. h5 g5 37. Ng6 Bxg6 38. hxg6 Kf6 39. Kf3 Kxg6 40. g4 h5
41. gxh5+ Kxh5 42. Bg3 a6 43. a4 Bc3 44. Bc7 g4+ 45. Kg2 Ba5 46. Bd8 Kg6 47. Kg3
Kf5 48. Bc7 Ke4 49. Kxg4 Kd3 50. Kf5 Kc3 51. Ke4 1-0

[Event "AUTO-MASTER-1893"]
[Site "http://www.queenalice.com/game.php?id=1222647"]
[Date "2013.10.6"]
[Round "2"]
[White "RenanReis"]
[Black "bmax1968"]
[Result "1-0"]
[WhiteElo "2228"]
[BlackElo "2089"]

1. e4 d5 2. exd5 Nf6 3. c4 c6 4. d4 cxd5 5. Nc3 e6 6. c5 b6 7. b4 Be7 8. Nf3 O-O
9. Bf4 bxc5 10. bxc5 Nc6 11. Bb5 Bd7 12. O-O Ne4 13. Qc1 Qa5 14. Bxc6 Bxc6 15.
Nxe4 dxe4 16. Ne5 Bd5 17. Qc2 Rab8 18. Nd7 Rbc8 19. Nxf8 Bxf8 20. Rfb1 Be7 21.
Qd2 Qxd2 22. Bxd2 Bf6 23. Bc3 Bd8 24. a4 Bc4 25. Rb7 Bd5 26. Rxa7 Rb8 27. a5 Bg5
28. a6 1-0

[Event "AUTO-MASTER-1893"]
[Site "http://www.queenalice.com/game.php?id=1222648"]
[Date "2013.10.6"]
[Round "2"]
[White "bmax1968"]
[Black "RenanReis"]
[Result "0-1"]
[WhiteElo "2104"]
[BlackElo "2214"]

1. d4 Nf6 2. Bf4 c5 3. e3 Qb6 4. Nc3 e6 5. Rb1 cxd4 6. exd4 Bb4 7. a3 Bxc3+ 8.
bxc3 Qa5 9. Rb3 Nc6 10. Nf3 Ne4 11. Qe2 Nxc3 12. Qd3 Ne4+ 13. c3 d5 14. Be2 O-O
15. O-O b6 16. Nd2 Nxd2 17. Bxd2 Qa4 18. Rfb1 Na5 19. Rb4 Qc6 20. Qg3 Kh8 21.
Qe5 Bd7 22. Bb5 Qb7 23. Bxd7 Qxd7 24. Bh6 f6 25. Bxg7+ Kxg7 26. Qg3+ Kh8 27. Re1
Nc4 28. Ra1 Rg8 29. Qh4 Qg7 30. g3 Nd6 31. Re1 Ne4 0-1

[Event "AUTO-MASTER-1890"]
[Site "http://www.queenalice.com/game.php?id=1224714"]
[Date "2013.10.15"]
[Round "2"]
[White "MrGreen"]
[Black "RenanReis"]
[Result "1-0"]
[WhiteElo "2581"]
[BlackElo "2164"]

1. Nf3 c5 2. e4 Nf6 3. e5 Nd5 4. Nc3 e6 5. Nxd5 exd5 6. c3 d6 7. Bb5+ Bd7 8.
Bxd7+ Nxd7 9. d4 cxd4 10. Qxd4 dxe5 11. Qxd5 Qc7 12. O-O Be7 13. Re1 O-O 14. Bf4
Rad8 15. Bxe5 Nxe5 16. Qxe5 Bd6 17. Qe4 Qb6 18. Re2 h6 19. g3 Rfe8 20. Qxe8+
Rxe8 21. Rxe8+ Kh7 22. Rd1 Qc6 23. Ree1 Bc5 24. Ne5 Qa4 25. Rd5 Bb6 26. a3 Qc2
27. Nd3 Qd2 28. Kf1 g6 29. Re7 Kg8 30. Rdd7 Qd1+ 31. Kg2 Qb3 32. Re8+ Kg7 33.
Ne5 1-0

[Event "AUTO-MASTER-1890"]
[Site "http://www.queenalice.com/game.php?id=1224715"]
[Date "2013.10.15"]
[Round "2"]
[White "RenanReis"]
[Black "MrGreen"]
[Result "0-1"]
[WhiteElo "2165"]
[BlackElo "2580"]

1. e4 e5 2. Nf3 Nc6 3. Bc4 Nf6 4. Ng5 d5 5. exd5 Na5 6. Bb5+ c6 7. dxc6 bxc6 8.
Qf3 Be7 9. Bxc6+ Nxc6 10. Qxc6+ Bd7 11. Qc4 O-O 12. Nc3 Rc8 13. Qe2 h6 14. Nge4
Nxe4 15. Qxe4 Bc6 16. Qe2 Bxg2 17. Rg1 Ba8 18. d3 Qb6 19. Bd2 Bh4 20. O-O-O Bxf2
21. Rgf1 Bd4 22. Qg4 Rc7 23. Rf5 Rb8 24. Na4 Bxb2+ 25. Kb1 Qc6 26. Qc4 Bd4+ 27.
Kc1 Qd6 0-1

[Event "AUTO-MASTER-1869"]
[Site "http://www.queenalice.com/game.php?id=1234419"]
[Date "2013.11.22"]
[Round "2"]
[White "dutra2302"]
[Black "RenanReis"]
[Result "1-0"]
[WhiteElo "2286"]
[BlackElo "2116"]

1. c4 c5 2. Nf3 g6 3. d4 cxd4 4. Nxd4 Bg7 5. e3 Nf6 6. Be2 O-O 7. O-O Nc6 8. Nc3
d5 9. cxd5 Nxd5 10. Nxd5 Qxd5 11. Bf3 Qc5 12. Nxc6 bxc6 13. Qa4 Rb8 14. Rb1 Bf5
15. e4 Rb4 16. Qa3 Be6 17. Be3 Bd4 18. Rfc1 Qb6 19. Bxd4 Rxd4 20. Qxe7 Bxa2 21.
Ra1 Qxb2 22. Qxa7 Rd2 23. h3 Rfd8 24. Qe3 Rc2 25. Rxc2 Qxa1+ 26. Rc1 Qd4 27. Rd1
Qf6 28. Rc1 Rc8 29. e5 Qe6 30. Bg4 f5 31. Bf3 Bd5 32. Bxd5 cxd5 33. Rb1 Qc6 34.
e6 d4 35. Qxd4 Re8 36. Rb6 Qc1+ 37. Kh2 Qc7+ 38. g3 Rd8 39. Qb2 Qg7 40. Qb3 Re8
41. Qd5 Qe7 42. Rd6 Kf8 43. Qd4 Qg7 44. e7+ Rxe7 45. Rd8+ Kf7 46. Qc4+ Kf6 47.
Rd6+ 1-0

[Event "AUTO-MASTER-1869"]
[Site "http://www.queenalice.com/game.php?id=1234420"]
[Date "2013.11.22"]
[Round "2"]
[White "RenanReis"]
[Black "dutra2302"]
[Result "1-0"]
[WhiteElo "2101"]
[BlackElo "2248"]

1. e4 c5 2. Nf3 Nf6 3. e5 Ng4 4. h3 Nh6 5. d4 cxd4 6. Bxh6 gxh6 7. c3 dxc3 8.
Nxc3 Rg8 9. Qc2 Rg6 10. O-O-O Qa5 11. Rd5 Qc7 12. g4 Nc6 13. a3 Na5 14. Bd3 Rg7
15. Nb5 Qxc2+ 16. Kxc2 Kd8 17. Rd1 b6 18. Be4 d6 19. exd6 Be6 20. dxe7+ Kxe7 21.
R5d2 Bb3+ 22. Kb1 Bxd1 23. Bxa8 Bxf3 24. Bxf3 h5 25. Nd6 Rg6 26. Nf5+ Kf6 27.
Rd8 hxg4 28. hxg4 Rg8 29. Ne3 Nb3 30. Rd7 Ke6 31. Rd8 Ke7 32. Rd5 Nc5 33. b4 Ne6
34. Nf5+ Kf6 35. Rd7 a5 36. Ne3 axb4 37. axb4 Rg5 38. Nd5+ Kg7 39. Bd1 Re5 40.
f4 Re1 41. Kc1 Rf1 42. f5 Nf4 43. Ne3 Rf2 44. g5 Ne2+ 45. Bxe2 Rxe2 46. Nd5 Re5
47. Nxb6 Rxf5 48. Nd5 Rxg5 49. b5 Bc5 50. b6 Bxb6 51. Nxb6 h5 52. Nd5 h4 53. Nf4
1-0

[Event "AUTO-ADV-2901"]
[Site "http://www.queenalice.com/game.php?id=1240108"]
[Date "2013.12.14"]
[Round "2"]
[White "RenanReis"]
[Black "robsoncxi"]
[Result "0-1"]
[WhiteElo "2157"]
[BlackElo "2120"]

1. e4 c5 2. Nf3 d6 3. Bb5+ Bd7 4. Bxd7+ Nxd7 5. c4 Ngf6 6. Nc3 g6 7. d4 cxd4 8.
Nxd4 Bg7 9. O-O O-O 10. Be3 Rc8 11. b3 Qa5 12. Rc1 Nc5 13. f3 a6 14. Qd2 Rc7 15.
Rb1 Ncd7 16. Rfd1 Rb8 17. b4 Qh5 0-1

[Event "AUTO-ADV-2901"]
[Site "http://www.queenalice.com/game.php?id=1240109"]
[Date "2013.12.14"]
[Round "2"]
[White "robsoncxi"]
[Black "RenanReis"]
[Result "1-0"]
[WhiteElo "2133"]
[BlackElo "2144"]

1. d4 d5 2. c4 c6 3. Nc3 e6 4. Nf3 dxc4 5. e4 b5 6. a3 Nf6 7. Bg5 Be7 8. Be2 O-O
9. O-O Nbd7 10. Rc1 a6 11. Qc2 Bb7 12. Rfd1 Rc8 13. h3 h6 14. Bh4 Re8 15. Rd2
Qb6 16. Rcd1 1-0

[Event "AUTO-OPEN-3030"]
[Site "http://www.queenalice.com/game.php?id=1243248"]
[Date "2013.12.27"]
[Round "2"]
[White "MarTraM"]
[Black "RenanReis"]
[Result "1-0"]
[WhiteElo "2388"]
[BlackElo "2158"]

1. d4 d5 2. c4 c6 3. Nc3 e6 4. e4 dxe4 5. Nxe4 Bb4+ 6. Bd2 Qxd4 7. Bxb4 Qxe4+ 8.
Qe2 Qxe2+ 9. Bxe2 Na6 10. Bd6 Ne7 11. O-O-O Nf5 12. Ba3 Bd7 13. Nf3 O-O-O 14. g4
Nh6 15. Ne5 1-0

[Event "AUTO-OPEN-3030"]
[Site "http://www.queenalice.com/game.php?id=1243249"]
[Date "2013.12.27"]
[Round "2"]
[White "RenanReis"]
[Black "MarTraM"]
[Result "0-1"]
[WhiteElo "2163"]
[BlackElo "2383"]

1. e4 e5 2. Nf3 Nc6 3. Bb5 Nge7 4. O-O g6 5. c3 Bg7 6. d4 exd4 7. cxd4 a6 8. Be2
d6 9. h3 O-O 10. Nc3 d5 11. e5 f6 12. exf6 Rxf6 13. Bg5 Rf7 14. Re1 Qd6 15. Bf1
Be6 0-1

[Event "AUTO-OPEN-3030"]
[Site "http://www.queenalice.com/game.php?id=1243254"]
[Date "2013.12.27"]
[Round "2"]
[White "RenanReis"]
[Black "etuz"]
[Result "0-1"]
[WhiteElo "2143"]
[BlackElo "2005"]

1. e4 c5 2. Nf3 d6 3. d4 cxd4 4. Nxd4 Nf6 5. Nc3 a6 6. Bg5 e6 7. f4 Be7 8. Qf3
Qc7 9. O-O-O Nbd7 10. Bd3 b5 11. Rhe1 Bb7 12. Nd5 Nxd5 13. exd5 Bxg5 14. fxg5
Ne5 15. Qh3 Bxd5 16. g6 h5 17. gxf7+ Qxf7 18. Rf1 Qe7 19. Be2 g6 20. Qc3 Rf8 21.
Rxf8+ Kxf8 22. Nf3 Qf6 23. Qc7 Qd8 24. Qh7 Qd7 25. Qh8+ Ke7 26. Qg7+ Kd8 27.
Qf6+ Qe7 28. Qf4 Nf7 29. Kb1 Rb8 30. h4 Rc8 31. Bd3 e5 32. Qb4 e4 0-1

[Event "AUTO-OPEN-3030"]
[Site "http://www.queenalice.com/game.php?id=1243255"]
[Date "2013.12.27"]
[Round "2"]
[White "etuz"]
[Black "RenanReis"]
[Result "1-0"]
[WhiteElo "1968"]
[BlackElo "2155"]

1. e4 e5 2. Nf3 Nc6 3. Bb5 a6 4. Ba4 Nf6 5. O-O Be7 6. Re1 b5 7. Bb3 d6 8. c3
O-O 9. h3 Na5 10. Bc2 c5 11. d4 Qc7 12. Nbd2 cxd4 13. cxd4 Nc6 14. Nb3 a5 15.
Be3 a4 16. Nbd2 a3 17. bxa3 Rxa3 18. Qc1 d5 19. Bb3 dxe4 20. dxe5 exf3 21. exf6
Bb4 22. fxg7 Kxg7 23. Bd4+ f6 24. Nxf3 Rxb3 25. Qg5+ 1-0

[Event "AUTO-MASTER-1904"]
[Site "http://www.queenalice.com/game.php?id=1263578"]
[Date "2014.3.9"]
[Round "2"]
[White "RenanReis"]
[Black "vivafischer"]
[Result "0-1"]
[WhiteElo "2137"]
[BlackElo "2124"]

1. e4 e6 2. d4 d5 3. Nc3 Bb4 4. e5 c5 5. a3 Bxc3+ 6. bxc3 Qa5 7. Bd2 Qa4 8. Qb1
c4 9. Nf3 Nc6 10. Be2 Bd7 11. Qxb7 Rb8 12. Qc7 Qxc2 13. O-O Qa4 14. Rfb1 Rc8 15.
Qd6 Na5 16. Rb8 Qc6 0-1

[Event "AUTO-MASTER-1904"]
[Site "http://www.queenalice.com/game.php?id=1263579"]
[Date "2014.3.9"]
[Round "2"]
[White "vivafischer"]
[Black "RenanReis"]
[Result "0-1"]
[WhiteElo "2094"]
[BlackElo "2145"]

1. d4 d5 2. c4 c6 3. Nf3 e6 4. Qc2 Nf6 5. e3 Nbd7 6. Nc3 Bd6 7. Bd3 dxc4 8. Bxc4
e5 9. O-O O-O 10. d5 Nb6 11. b3 cxd5 0-1